Sports Quiz

Random Sports or NFL Quiz

NFL Career QB Wins Quiz Stats

 Plays Quiz Updated Jan 5, 2021

Support Sporcle.
Go Orange.
Score 0/51 Timer 08:00
0 Plays Today
Victories Quarterback % Correct
117Eli Manning
97.4%
186Brett Favre
97.2%
186Peyton Manning
97.1%
230Tom Brady
92.5%
147Dan Marino
89.8%
117Joe Montana
87.8%
148John Elway
85.2%
94Steve Young
83.5%
126Aaron Rodgers
79.9%
156Ben Roethlisberger
79%
134Philip Rivers
76.5%
94Troy Aikman
74.1%
98Donovan McNabb
72%
107Terry Bradshaw
71.8%
113Matt Ryan
71.4%
102Warren Moon
67.3%
118Johnny Unitas
67%
86Russell Wilson
65.8%
99Alex Smith
62.7%
78Tony Romo
60.8%
94Bart Starr
60.5%
90Vinny Testaverde
59.9%
98Joe Flacco
59.6%
101Jim Kelly
59.5%
98Drew Bledsoe
58%
92Carson Palmer
57.1%
Victories Quarterback % Correct
85Roger Staubach
56.5%
124Fran Tarkenton
53.5%
91Steve McNair
52.6%
95Phil Simms
52.5%
82Randall Cunningham
47.8%
86Dan Fouts
47.2%
85Matt Hasselbeck
45.8%
81Kerry Collins
44.9%
80Boomer Esiason
43.1%
96Ken Stabler
37.4%
76Rich Gannon
37.4%
78Y.A. Tittle
37%
78Mark Brunell
36.2%
77Joe Theismann
35.9%
92Bob Griese
35.9%
172Drew Brees
31.6%
94Len Dawson
27.9%
91Ken Anderson
27%
98Dave Krieg
23.5%
80Bobby Layne
14.7%
87Jim Hart
12%
81Craig Morton
11.6%
82John Hadl
11.2%
86Roman Gabriel
10.7%
79Joe Ferguson
7.2%

From the Vault

Follow That Line: Finding Nemo

by Spacemaniac

Movies 4m
When in doubt, keep swimming.
Remove Ads.
Support Sporcle.
Get the best of Sporcle when you Go Orange. This ad-free experience offers more features, more stats, and more fun while also helping to support Sporcle. Thank you for becoming a member.

Show Comments

Extras

Top Quizzes Today


Score Distribution

Your Account Isn't Verified!

In order to create a playlist on Sporcle, you need to verify the email address you used during registration. Go to your Sporcle Settings to finish the process.

Report this User

Report this user for behavior that violates our Community Guidelines.

Details: